| 000 | 00464nam a2200157 a 4500 | ||
|---|---|---|---|
| 001 | 000035931 | ||
| 005 | 20200930074729.0 | ||
| 008 | 111117s2011 dr 000 0 spa d | ||
| 020 | _a9789993498056 | ||
| 040 |
_aDO-SdBNP _bspa _cBNPHU |
||
| 100 | 1 |
_aGómez Ramírez, José Miguel _961955 |
|
| 245 | 1 | 0 |
_aBaúl de persepciones / _cJosé Miguel Gómez Ramírez. |
| 260 |
_aSanto Domingo : _bImpresos Mayobanex, _c2011. |
||
| 300 |
_a357 p. ; _c23 cm. |
||
| 049 | _aBNPD | ||
| 999 |
_c35422 _d35422 |
||